| 000 | 01008nam a2200253 a 4500 | ||
|---|---|---|---|
| 001 | 78998 | ||
| 003 | BD-RjUL | ||
| 005 | 20211215103752.0 | ||
| 008 | 211214s1946 ua 000 0 ara d | ||
| 035 | _a(BD-RjUL)78998 | ||
| 040 |
_aHUJI _bara _cBD-RjUL |
||
| 041 | 0 | _aara | |
| 082 |
_223 _a297.4 _bBAS 1946 |
||
| 100 | 1 |
_aبدوي، عبد الرحمن ;; Badawi, Abdul Rahman _9187 |
|
| 245 | 1 | 0 |
_aشخصيات قلقة في الاسلام ;; shakhsiaat qaliqat fi al Islam/ _cدراسات الف بينها وترجمها عبد الرحمن بدوي ;; dirasat alf baynaha watarjamaha eabd alrahman biduay.. |
| 260 |
_aالقاهرة : _bmaktabat alnahdat almisriati,;; مكتبة النهضة المصرية, _c١٩٤٦.;; 1946. |
||
| 300 |
_a١٦٣ ص :163 ; _b٢٤ سم. |
||
| 490 | 1 |
_adirasat aslamiat ;; دراسات اسلامية ؛ _v٣ |
|
| 650 | 4 |
_aIslam _9188 |
|
| 650 | 4 |
_aSufism _9176 |
|
| 830 | 0 |
_aدراسات اسلامية ؛ _v٣. _9189 |
|
| 942 |
_2ddc _cBK |
||
| 990 | _auniversities | ||
| 999 |
_c78998 _d78998 |
||